Konsolidovaná účtovná závierka ako zdroj finančných informácií o skupine podnikov

Skupina podnikov ako organizačno - právna forma podnikania. Jednotný pohľad na majetok a hospodárky výsledok skupiny podnikov, zobrazí konsolidovaná účtovná závierka (KÚZ). Údaje z konsolidovanej účtovnej závierky a finančná analýza.

Enregistré dans:
Détails bibliographiques
Auteur principal: Grausová, Anna
Format: Chapitre de livre
Langue:slovaque
Sujets:
Tags: Ajouter un tag
Pas de tags, Soyez le premier à ajouter un tag!

MARC

LEADER 00000nla$a2200000$$$4500
001 0124401
005 20240502072415.6
041 0 |a slo 
044 |a SK 
245 1 0 |a Konsolidovaná účtovná závierka ako zdroj finančných informácií o skupine podnikov  |c Anna Grausová 
520 |a Skupina podnikov ako organizačno - právna forma podnikania. Jednotný pohľad na majetok a hospodárky výsledok skupiny podnikov, zobrazí konsolidovaná účtovná závierka (KÚZ). Údaje z konsolidovanej účtovnej závierky a finančná analýza. 
610 2 0 |a účtovníctvo 
610 2 0 |a závierka účtovná 
610 2 0 |a závierka účtovná konsolidovaná 
610 2 0 |a spoločnosti zmiešané 
610 2 0 |a druhy podnikov 
610 2 0 |a doklady účtovné 
610 2 0 |a bilancie 
610 2 0 |a výkazy finančné 
610 2 0 |a výsledok hospodársky 
100 1 |a Grausová, Anna